A bangladesh village : (Record no. 2052)

MARC details
000 -LEADER
fixed length control field 00634nam a22002057a 4500
001 - CONTROL NUMBER
control field BD-DhSAU 2052
003 - CONTROL NUMBER IDENTIFIER
control field BD-DhSAU
005 - DATE AND TIME OF LATEST TRANSACTION
control field 20190122090653.0
008 - FIXED-LENGTH DATA ELEMENTS--GENERAL INFORMATION
fixed length control field 150126s1978 b |||| ||| 001 0 eng d
040 ## - CATALOGING SOURCE
Original cataloging agency BD-DhSAU
082 ## - DEWEY DECIMAL CLASSIFICATION NUMBER
Edition number 22
Classification number 301
Item number CHB
100 ## - MAIN ENTRY--PERSONAL NAME
Personal name Chawdhury, Anwarullah
245 ## - TITLE STATEMENT
Title A bangladesh village :
Remainder of title a study of social stratification /
Statement of responsibility, etc. By Anwarullah Chawdhury.
260 ## - PUBLICATION, DISTRIBUTION, ETC. (IMPRINT)
Place of publication, distribution, etc. Dacca University :
Name of publisher, distributor, etc. Centre for Social Studies,
Date of publication, distribution, etc. 1978.
300 ## - PHYSICAL DESCRIPTION
Extent viii, 177 p. ;
Dimensions 22 cm.
504 ## - BIBLIOGRAPHY, ETC. NOTE
Bibliography, etc Includes bibliographical references and index.
590 ## - Name of Cataloguer
Name of Cataloger Mukta
650 ## - SUBJECT ADDED ENTRY--TOPICAL TERM
Topical term or geographic name as entry element Villages
Geographic subdivision Bangladesh
942 ## - ADDED ENTRY ELEMENTS (KOHA)
Source of classification or shelving scheme Dewey Decimal Classification
Koha item type Book
Holdings
Withdrawn status Lost status Source of classification or shelving scheme Damaged status Not for loan Collection code Home library Branch Name Shelving location Date acquired Total Checkouts Full call number Barcode Date last seen Price effective from Koha item type
    Dewey Decimal Classification     Non-fiction SAU Library SAU Library General Stacks 28/10/1985   301 CHB 4799 26/01/2015 26/01/2015 Book
    Dewey Decimal Classification       SAU Library SAU Library General Stacks 28/10/1979   301 CHB 4797 11/02/2015 11/02/2015 Book
    Dewey Decimal Classification   Not For Loan Reference SAU Library SAU Library Reference 28/10/1979   301 CHB 4798 16/04/2015 16/04/2015 Book
    Dewey Decimal Classification   Not For Loan Reference SAU Library SAU Library Reference 28/05/2015   301 CHB 4795 28/05/2015 28/05/2015 Book